[Event "Collado Villalba op-B 36th"]
[Site "Collado Villalba"]
[Date "2019.08.31"]
[Round "9"]
[White "Andrade Sandoval, Marian"]
[Black "Palomares Cortez, Benjamin"]
[Result "1-0"]
[WhiteElo "1260"]
[BlackElo "1111"]
[PlyCount "103"]
[EventDate "2019.08.23"]
[EventType "swiss"]
[EventRounds "9"]
[EventCountry "ESP"]
[SourceTitle "CBM 192 Extra"]
[Source "Chessbase"]
[SourceDate "2019.11.06"]
[SourceVersion "1"]
[SourceVersionDate "2019.11.06"]
[SourceQuality "1"]

1. d4 d5 2. Bf4 Nf6 3. Nf3 e6 4. e3 c5 5. Nbd2 Nc6 6. c3 Bd6 7. Ne5 Qc7 8. Ndf3 0-0 9. Bd3 h6 10. 0-0 b6 11. Re1 a5 12. b3 c4 13. bxc4 dxc4 14. Nxc4 Bxf4 15. exf4 Ba6 16. Nce5 Bxd3 17. Qxd3 Nxe5 18. fxe5 Nd5 19. Rac1 Nf4 20. Qd2 Nd5 21. h3 Qd7 22. Nh2 Ra7 23. a3 Rc8 24. c4 Ne7 25. Ng4 Nf5 26. Ne3 Nxd4 27. Qb2 Rb7 28. Red1 Rd8 29. Nc2 Qc7 30. Rxd4 Rxd4 31. Qxd4 Rb8 32. Rd1 Kf8 33. Ne3 Ke7 34. Nc2 Rd8 35. Qh4+ g5 36. Qg4 f5 37. exf6+ Kxf6 38. Qf3+ Kg6 39. Qe4+ Kf6 40. Re1 Re8 41. Nd4 Qxc4 42. Qe5+ Kf7 43. Qe4 Kf6 44. Qf3+ Kg7 45. Nf5+ Kg8 46. Nd6 Qa4 47. Qf7+ Kh8 48. Nxe8 Qxe8 49. Qxe8+ Kg7 50. Rxe6 Kh7 51. Qf7+ Kh8 52. Rxh6# 1-0

[Event "Collado Villalba op-B 36th"]
[Site "Collado Villalba"]
[Date "2019.08.25"]
[Round "3"]
[White "Melcon Diez, Enrique"]
[Black "Andrade Sandoval, Marian"]
[Result "1-0"]
[WhiteElo "1632"]
[BlackElo "1260"]
[PlyCount "63"]
[EventDate "2019.08.23"]
[EventType "swiss"]
[EventRounds "9"]
[EventCountry "ESP"]
[SourceTitle "CBM 192 Extra"]
[Source "Chessbase"]
[SourceDate "2019.11.06"]
[SourceVersion "1"]
[SourceVersionDate "2019.11.06"]
[SourceQuality "1"]

1. c4 e6 2. g3 c5 3. Bg2 Nf6 4. Nc3 d6 5. Nf3 Be7 6. 0-0 0-0 7. d4 cxd4 8. Nxd4 Qc7 9. b3 a6 10. Bb2 Nbd7 11. Rc1 Rb8 12. Qc2 Nb6 13. e4 Rd8 14. Qe2 Nbd7 15. Nc2 Nc5 16. Ne3 Bd7 17. f4 b5 18. cxb5 axb5 19. b4 Na6 20. Ncd5 Qb7 21. Nxf6+ Bxf6 22. e5 Qb6 23. exf6 g6 24. a3 Re8 25. Qd3 e5 26. fxe5 Bf5 27. Qd4 dxe5 28. Qxb6 Rxb6 29. Nxf5 gxf5 30. Rxf5 e4 31. Re5 Rxe5 32. Rc8+ 1-0

[Event "Collado Villalba op-B 35th"]
[Site "Collado Villalba"]
[Date "2018.08.30"]
[Round "7"]
[White "Andrade Sandoval, Marian"]
[Black "Fernandez Martinez, Luis"]
[Result "0-1"]
[WhiteElo "1234"]
[BlackElo "1566"]
[PlyCount "82"]
[EventDate "2018.08.24"]
[EventType "swiss"]
[EventRounds "9"]
[EventCountry "ESP"]
[SourceTitle "CBM 186 Extra"]
[Source "ChessBase"]
[SourceDate "2018.08.24"]
[SourceVersion "1"]
[SourceVersionDate "2018.08.24"]
[SourceQuality "1"]

1. d4 e6 2. Nf3 f5 3. Bf4 Nf6 4. e3 d5 5. Ne5 Nbd7 6. Bb5 c6 7. Bd3 Be7 8. c4 0-0 9. c5 Nxe5 10. Bxe5 Bd7 11. h3 Be8 12. g4 Nd7 13. Bf4 g5 14. gxf5 exf5 15. Bh2 Bg6 16. Nc3 Qe8 17. Qf3 Bh5 18. Qg2 Qf7 19. Ne2 Kh8 20. 0-0-0 b6 21. b4 bxc5 22. bxc5 Rac8 23. Rd2 Bg6 24. Ba6 Rce8 25. Ng1 f4 26. Nf3 fxe3 27. Ne5 exd2+ 28. Kxd2 Nxe5 29. Bxe5+ Kg8 30. Rf1 Bxc5 31. Qxg5 Qf5 32. Qxf5 Rxf5 33. Bb7 Bb4+ 34. Kc1 Rf3 35. Kb2 Rc3 36. Rc1 Rxc1 37. Kxc1 Be4 38. Kd1 c5 39. Bc6 Re6 40. Bd7 Rg6 41. dxc5 Rg1+ 0-1

[Event "Madrid-ch U12"]
[Site "Madrid"]
[Date "2018.04.15"]
[Round "4"]
[White "Lopez Herrero, Israel"]
[Black "Andrade Sandoval, Marian"]
[Result "0-1"]
[WhiteElo "1298"]
[BlackElo "1226"]
[PlyCount "142"]
[EventDate "2018.04.14"]
[EventType "swiss"]
[EventRounds "6"]
[EventCountry "ESP"]
[SourceTitle "EXT 2019"]
[Source "ChessBase"]
[SourceDate "2018.10.10"]
[SourceVersion "1"]
[SourceVersionDate "2018.10.10"]
[SourceQuality "1"]

1. e4 c5 2. Nf3 e6 3. d4 cxd4 4. Nxd4 a6 5. Nc3 d6 6. Bc4 Qc7 7. Bb3 Nf6 8. Bg5 Be7 9. Qd2 b5 10. a3 Bb7 11. f3 h6 12. Be3 Nbd7 13. a4 b4 14. Na2 a5 15. Nb5 Qc6 16. c3 bxc3 17. Qxc3 Qxc3+ 18. Naxc3 0-0 19. 0-0 Ba6 20. Rfd1 Bxb5 21. Nxb5 Ra6 22. Bc4 Rc6 23. Rac1 Ne5 24. b3 d5 25. exd5 exd5 26. Bxd5 Rxc1 27. Bxc1 Rd8 28. Nc3 Bb4 29. Bb2 Bxc3 30. Bxc3 Nc6 31. Bxf6 gxf6 32. Rc1 Nd4 33. Bc4 Kg7 34. Kf2 Rc8 35. Rd1 Nf5 36. Rd7 Rf8 37. Ra7 Nd4 38. Rxa5 Nc6 39. Rc5 Nb4 40. a5 Ra8 41. Rb5 Nc6 42. Rb6 Nxa5 43. Rb4 Nc6 44. Bd5 Ra2+ 45. Ke3 Nxb4 46. Kd4 Kf8 47. Kc4 Nxd5 48. Kxd5 Rc2 49. b4 Ke8 50. b5 Kd8 51. b6 Kc8 52. Kd6 Kb7 53. Ke7 f5 54. Kxf7 Rxg2 55. Kf6 Rg5 56. f4 Rh5 57. Kg6 Rxh2 58. Kxf5 Kxb6 59. Kg6 Kc7 60. f5 Rf2 61. f6 Kd7 62. f7 Ke7 63. Kxh6 Rxf7 64. Kh5 Rg7 65. Kh4 Kf6 66. Kh5 Rg8 67. Kh4 Kf5 68. Kh3 Kf4 69. Kh2 Kf3 70. Kh1 Kf2 71. Kh2 Rh8# 0-1

[Event "Collado Villalba op-B 34th"]
[Site "Collado Villalba"]
[Date "2017.08.30"]
[Round "9"]
[White "Andrade Sandoval, Marian"]
[Black "Gijon Molina, Carlos"]
[Result "0-1"]
[WhiteElo "1222"]
[BlackElo "1189"]
[PlyCount "90"]
[EventDate "2017.08.22"]
[EventType "swiss"]
[EventRounds "9"]
[EventCountry "ESP"]
[SourceTitle "CBM 180 Extra"]
[Source "ChessBase"]
[SourceDate "2017.10.06"]
[SourceVersion "1"]
[SourceVersionDate "2017.10.06"]
[SourceQuality "1"]

1. d4 d5 2. Nf3 e6 3. Bf4 c5 4. c3 Nc6 5. e3 Nf6 6. Bd3 Bd6 7. Ne5 c4 8. Bc2 Qc7 9. Ba4 Bd7 10. b3 0-0 11. bxc4 dxc4 12. Nd2 Bxe5 13. Bxc6 Bxf4 14. Bxd7 Nxd7 15. exf4 b5 16. Qf3 Qa5 17. h4 Nf6 18. Ke2 Rac8 19. g4 b4 20. cxb4 Qxb4 21. Rab1 Qd6 22. g5 Nd5 23. h5 Nxf4+ 24. Ke3 Nd5+ 25. Ke2 f5 26. g6 h6 27. Rbc1 c3 28. Nb3 e5 29. Rhd1 e4 30. Qg3 f4 31. Qg4 Qa6+ 32. Ke1 Rfe8 33. Qf5 Qb5 34. Nc5 f3 35. Qxd5+ Kh8 36. Rc2 e3 37. Qxf3 e2 38. Rdc1 Rf8 39. Qxc3 Rce8 40. Rb2 Qc6 41. Rxe2 Qh1+ 42. Kd2 Rxe2+ 43. Kxe2 Qxh5+ 44. Ke1 Re8+ 45. Kd2 Qe2# 0-1

[Event "Collado Villalba op-B 34th"]
[Site "Collado Villalba"]
[Date "2017.08.29"]
[Round "8"]
[White "Rojas Fernandez, Antonio"]
[Black "Andrade Sandoval, Marian"]
[Result "0-1"]
[WhiteElo "1316"]
[BlackElo "1222"]
[PlyCount "50"]
[EventDate "2017.08.22"]
[EventType "swiss"]
[EventRounds "9"]
[EventCountry "ESP"]
[SourceTitle "CBM 180 Extra"]
[Source "ChessBase"]
[SourceDate "2017.10.06"]
[SourceVersion "1"]
[SourceVersionDate "2017.10.06"]
[SourceQuality "1"]

1. e4 c5 2. Nf3 e6 3. Nc3 Nf6 4. Bb5 a6 5. Ba4 b5 6. Nxb5 axb5 7. Bxb5 Bb7 8. d3 Qa5+ 9. Qd2 Qxb5 10. e5 Ng4 11. Qf4 Nh6 12. Ng5 Qb4+ 13. c3 Qxf4 14. Bxf4 Be7 15. 0-0 Nc6 16. Rae1 Nd8 17. Re2 Nf5 18. f3 h6 19. Nh3 g5 20. Bc1 Rg8 21. g4 Nh4 22. Ref2 d6 23. exd6 Bxd6 24. b3 e5 25. Ba3 Rxa3 0-1

[Event "ESP-ch U10"]
[Site "Granada"]
[Date "2016.06.29"]
[Round "5"]
[White "Valenzuela Fernandez, Alejandro"]
[Black "Andrade Sandoval, Marian"]
[Result "1-0"]
[WhiteElo "1483"]
[BlackElo "1214"]
[PlyCount "83"]
[EventDate "2016.06.27"]
[EventType "swiss"]
[EventRounds "9"]
[EventCountry "ESP"]
[SourceTitle "EXT 2024"]
[Source "ChessBase"]
[SourceDate "2023.10.10"]
[SourceVersion "1"]
[SourceVersionDate "2023.10.10"]
[SourceQuality "1"]

1. Nf3 d5 2. g3 Nf6 3. Bg2 Bf5 4. 0-0 e6 5. d3 Bd6 6. Nbd2 0-0 7. Re1 Nbd7 8. h3 h6 9. e4 dxe4 10. dxe4 Bg6 11. e5 Ne4 12. Nxe4 Nxe5 13. Nxd6 Nxf3+ 14. Qxf3 Qxd6 15. Bf4 Qb4 16. Qb3 Qb6 17. Qxb6 cxb6 18. Bxb7 Rad8 19. Be4 f5 20. Bd3 Rfe8 21. Bb5 Re7 22. Rad1 Rxd1 23. Rxd1 e5 24. Be3 Bh5 25. Rd7 Rxd7 26. Bxd7 Bg6 27. c4 Kf7 28. c5 bxc5 29. Bxc5 a6 30. a4 f4 31. b4 Bc2 32. a5 Bd3 33. b5 axb5 34. a6 b4 35. a7 Be4 36. Bxb4 Kf6 37. Bb5 fxg3 38. fxg3 g6 39. Bf1 Bd5 40. Bc3 Kf5 41. Bxe5 Kxe5 42. Bg2 1-0

[Event "Madrid-ch U10"]
[Site "Madrid"]
[Date "2016.04.24"]
[Round "6.2"]
[White "Andrade Sandoval, Marian"]
[Black "Simon Novillo, Carlos"]
[Result "0-1"]
[WhiteElo "1258"]
[BlackElo "1323"]
[PlyCount "188"]
[EventDate "2016.04.16"]
[EventType "swiss"]
[EventRounds "7"]
[EventCountry "ESP"]
[SourceTitle "EXT 2024"]
[Source "ChessBase"]
[SourceDate "2023.10.10"]
[SourceVersion "1"]
[SourceVersionDate "2023.10.10"]
[SourceQuality "1"]

1. d4 d5 2. Nf3 Nf6 3. Bf4 Nc6 4. e3 Bf5 5. Bd3 Bg4 6. Nbd2 e6 7. a3 a5 8. c3 Bd6 9. Bg3 0-0 10. Qc2 Qe7 11. Ng5 h6 12. Nh7 Nxh7 13. Bxh7+ Kh8 14. Nf3 f5 15. Bg6 Bxf3 16. gxf3 Qg5 17. Bh7 Kxh7 18. f4 Qe7 19. f3 b5 20. e4 Qe8 21. 0-0-0 fxe4 22. fxe4 Qg6 23. Rde1 Bxf4+ 24. Bxf4 Rxf4 25. exd5 Qxc2+ 26. Kxc2 exd5 27. Re6 Nd8 28. Re7 Rf7 29. Rhe1 Rxe7 30. Rxe7 Kg8 31. Rxc7 b4 32. Rc5 bxc3 33. bxc3 Kf7 34. Rxd5 Ke7 35. Rb5 Ra6 36. a4 Kd6 37. c4 Nc6 38. Kc3 Nd8 39. Rd5+ Ke7 40. Rf5 Nc6 41. d5 Nd8 42. c5 g6 43. Re5+ Kf6 44. Kd4 Ra8 45. c6 Rc8 46. c7 Rxc7 47. Re2 Rb7 48. Kc5 Re7 49. Rd2 Re5 50. Kd6 Nf7+ 51. Kc7 Ke7 52. d6+ Ke6 53. d7 Ke7 54. d8Q+ Nxd8 55. Rd7+ Kf6 56. Rxd8 Re4 57. Rd6+ Re6 58. Rd5 Re5 59. Rd6+ Kg5 60. Rd4 Kh5 61. Kd6 Rg5 62. Ke6 Rg4 63. Rd5+ g5 64. Rxa5 Kh4 65. Rb5 Rxa4 66. Kf6 h5 67. Rb3 Ra2 68. h3 Ra4 69. Kf5 Rf4+ 70. Ke5 Rf8 71. Ke6 g4 72. hxg4 hxg4 73. Rb4 Kh3 74. Rb5 g3 75. Rh5+ Kg2 76. Ke5 Kf2 77. Ke4 g2 78. Rh2 Kf1 79. Rxg2 Kxg2 80. Ke3 Kg3 81. Ke4 Kg4 82. Ke5 Kg5 83. Ke4 Rf7 84. Ke3 Kg4 85. Ke2 Rf3 86. Kd2 Kf4 87. Ke2 Ke4 88. Kd2 Rh3 89. Kc2 Kd4 90. Kb2 Kc4 91. Ka2 Rg3 92. Ka1 Kc3 93. Ka2 Kc2 94. Ka1 Ra3# 0-1

[Event "Madrid-ch U10"]
[Site "Madrid"]
[Date "2016.04.24"]
[Round "7.5"]
[White "Tenorio Garcia, Joel"]
[Black "Andrade Sandoval, Marian"]
[Result "1-0"]
[WhiteElo "1326"]
[BlackElo "1258"]
[PlyCount "77"]
[EventDate "2016.04.16"]
[EventType "swiss"]
[EventRounds "7"]
[EventCountry "ESP"]
[SourceTitle "EXT 2024"]
[Source "ChessBase"]
[SourceDate "2023.10.10"]
[SourceVersion "1"]
[SourceVersionDate "2023.10.10"]
[SourceQuality "1"]

1. e4 c5 2. Nf3 e6 3. d4 cxd4 4. Nxd4 a6 5. Nc3 Qc7 6. Be3 Bb4 7. Qd2 Nf6 8. f3 b5 9. a4 bxa4 10. Rxa4 a5 11. Be2 Bb7 12. 0-0 d5 13. Ndb5 Qd7 14. Bf4 0-0 15. Raa1 Qc6 16. e5 Nfd7 17. Qe1 Na6 18. Qg3 Kh8 19. Qh3 Rg8 20. Bd3 Nf8 21. Bg5 Bc5+ 22. Kh1 Ng6 23. Ra4 d4 24. Nxd4 Qd7 25. Nde2 Nb4 26. Rxb4 axb4 27. Nf4 Qe8 28. Ne4 Nxf4 29. Bxf4 f5 30. Nxc5 Bc6 31. Nxe6 Qf7 32. Bxf5 g6 33. Bg5 Rgc8 34. Bf6+ Kg8 35. Ng5 Qa7 36. Be6+ Kf8 37. Qh6+ Ke8 38. Nxh7 Qc5 39. Qxg6# 1-0

[Event "Madrid-ch U10"]
[Site "Madrid"]
[Date "2016.04.17"]
[Round "4.1"]
[White "Andrade Sandoval, Marian"]
[Black "Karunanithi, Bharath"]
[Result "0-1"]
[WhiteElo "1258"]
[BlackElo "1281"]
[PlyCount "70"]
[EventDate "2016.04.16"]
[EventType "swiss"]
[EventRounds "7"]
[EventCountry "ESP"]
[SourceTitle "EXT 2024"]
[Source "ChessBase"]
[SourceDate "2023.10.10"]
[SourceVersion "1"]
[SourceVersionDate "2023.10.10"]
[SourceQuality "1"]

1. d4 Nf6 2. Nf3 e6 3. Bf4 Nc6 4. e3 d5 5. Bd3 Bd6 6. Ne5 Bd7 7. Nd2 0-0 8. h4 h6 9. g4 Bxe5 10. dxe5 Ne4 11. Nxe4 dxe4 12. Bxe4 f5 13. Bd3 Ne7 14. g5 Ng6 15. Qh5 Nxf4 16. exf4 Be8 17. Qf3 Bc6 18. Be4 Bxe4 19. Qh3 Bxh1 20. Qxh1 Qd4 21. c3 Qe4+ 22. Qxe4 fxe4 23. Kd2 Rxf4 24. Rh1 hxg5 25. hxg5 Raf8 26. Rh2 Rg4 27. Ke3 Rf3+ 28. Kd4 e3+ 29. Kd3 exf2+ 30. Kc2 f1Q 31. Kb3 Qd1+ 32. Rc2 Rf2 33. c4 Qxc2+ 34. Ka3 Rxc4 35. b3 Qxa2# 0-1

[Event "Madrid-ch U10"]
[Site "Madrid"]
[Date "2016.04.17"]
[Round "3.2"]
[White "Matorras Munoz, Rodrigo"]
[Black "Andrade Sandoval, Marian"]
[Result "1-0"]
[WhiteElo "1262"]
[BlackElo "1258"]
[PlyCount "101"]
[EventDate "2016.04.16"]
[EventType "swiss"]
[EventRounds "7"]
[EventCountry "ESP"]
[SourceTitle "EXT 2024"]
[Source "ChessBase"]
[SourceDate "2023.10.10"]
[SourceVersion "1"]
[SourceVersionDate "2023.10.10"]
[SourceQuality "1"]

1. e4 c5 2. Nf3 e6 3. Nc3 d6 4. d4 cxd4 5. Nxd4 a6 6. Bc4 b5 7. Bd3 Bb7 8. 0-0 Nf6 9. Bg5 Be7 10. Re1 e5 11. Nf5 Rg8 12. Nxe7 Qxe7 13. Nd5 Bxd5 14. exd5 h6 15. Bxf6 gxf6 16. c4 Qb7 17. b3 Nd7 18. cxb5 axb5 19. Qe2 Rb8 20. a4 bxa4 21. bxa4 Kd8 22. Rab1 Qxd5 23. Rxb8+ Nxb8 24. Be4 Qa5 25. Qd1 Nd7 26. Rf1 Qb4 27. Bc6 Nb8 28. Bb5 Nd7 29. Qc2 Nc5 30. Qf5 Rg6 31. h3 Qa5 32. Rc1 Qa8 33. g3 Qb7 34. Rd1 Ne4 35. Rc1 Nc5 36. Rd1 Qc7 37. h4 Ne6 38. h5 Ng7 39. Qf3 Nxh5 40. Qxh5 Qc5 41. Qf3 Kc7 42. Qb3 Rg7 43. a5 Qa7 44. Rc1+ Kd8 45. Qd3 Qb8 46. a6 Ke7 47. Qd5 Qb6 48. Qb7+ Qxb7 49. axb7 Rg8 50. Rc8 Rg5 51. Re8# 1-0

[Event "Madrid-ch U10"]
[Site "Madrid"]
[Date "2016.04.16"]
[Round "2.1"]
[White "Andrade Sandoval, Marian"]
[Black "Lianes Garcia, Alicia"]
[Result "1-0"]
[WhiteElo "1258"]
[BlackElo "1402"]
[PlyCount "91"]
[EventDate "2016.04.16"]
[EventType "swiss"]
[EventRounds "7"]
[EventCountry "ESP"]
[SourceTitle "EXT 2024"]
[Source "ChessBase"]
[SourceDate "2023.10.10"]
[SourceVersion "1"]
[SourceVersionDate "2023.10.10"]
[SourceQuality "1"]

1. d4 Nf6 2. Nf3 e6 3. Bf4 d5 4. Nc3 a6 5. e3 Bb4 6. Bd3 c5 7. a3 Bxc3+ 8. bxc3 c4 9. Be2 Nc6 10. Ne5 Bd7 11. Rb1 b5 12. Rb2 Ne4 13. f3 Nxc3 14. Qd2 Na4 15. Rb1 0-0 16. h4 f6 17. Nxc6 Bxc6 18. g4 Re8 19. e4 dxe4 20. fxe4 Bxe4 21. Rg1 c3 22. Qe3 Bxc2 23. Rc1 Bb3 24. g5 e5 25. gxf6 Qxf6 26. Bxe5 Qxh4+ 27. Qg3 Qxg3+ 28. Rxg3 g6 29. Bf3 Rad8 30. Bh5 Rxd4 31. Re3 Rh4 32. Bf3 Rc4 33. Bd5+ Kf8 34. Bxc4 Bxc4 35. Bd6+ Kf7 36. Rxe8 Kxe8 37. Bb4 Nb2 38. Rb1 Nd3+ 39. Kd1 h5 40. Kc2 Ne1+ 41. Rxe1+ Kd7 42. Bxc3 g5 43. Re5 g4 44. Rxh5 g3 45. Rg5 Kc6 46. Rxg3 1-0

[Event "Collado Villalba op-B 32nd"]
[Site "Collado Villalba"]
[Date "2015.08.26"]
[Round "5"]
[White "Salgado Duarte, Pablo"]
[Black "Andrade Sandoval, Marian"]
[Result "1-0"]
[WhiteElo "1533"]
[BlackElo "1291"]
[PlyCount "167"]
[EventDate "2015.08.22"]
[EventType "swiss"]
[EventRounds "9"]
[EventCountry "ESP"]
[SourceTitle "EXT 2016"]
[Source "ChessBase"]
[SourceDate "2015.10.08"]
[SourceVersion "1"]
[SourceVersionDate "2015.10.08"]
[SourceQuality "1"]

1. d4 d5 2. c4 c6 3. Nf3 Nf6 4. cxd5 cxd5 5. Nc3 e6 6. a3 a6 7. Bg5 Nbd7 8. e3 b5 9. b4 Bd6 10. Bd3 Bb7 11. 0-0 0-0 12. Re1 Qc7 13. Rc1 Rac8 14. Qd2 Bc6 15. e4 dxe4 16. Nxe4 Nxe4 17. Bxe4 Qb7 18. Bxc6 Rxc6 19. h3 h6 20. Bf4 Rfc8 21. Bxd6 Rxd6 22. Rxc8+ Qxc8 23. Rc1 Rc6 24. Rxc6 Qxc6 25. Ne1 Qd5 26. Qc3 e5 27. Qc8+ Kh7 28. Qc2+ Kg8 29. dxe5 Nxe5 30. Kh1 Qc4 31. Qxc4 bxc4 32. Nc2 Kf8 33. Kg1 Ke7 34. Kf1 Kd6 35. Ke2 Kd5 36. Ke3 g5 37. Kd2 f5 38. Ne3+ Kd4 39. Nxf5+ Ke4 40. Nxh6 Kd4 41. Nf5+ Ke4 42. Nd6+ Kd4 43. Nf5+ Ke4 44. Ne3 Kd4 45. Nc2+ Ke4 46. Kc3 Kd5 47. Ne3+ Ke4 48. Nxc4 Nc6 49. a4 Kd5 50. b5 axb5 51. axb5 Ne7 52. f3 Kc5 53. Na3 Nd5+ 54. Kb3 Nf4 55. b6 Kxb6 56. Nc4+ Kc5 57. Ne3 Kd4 58. Nf5+ Ke5 59. Ne3 Kd4 60. Nf5+ Kd3 61. h4 gxh4 62. Nxh4 Nh5 63. g4 Nf4 64. g5 Ne6 65. g6 Ke3 66. Kc4 Ng7 67. Kd5 Kf4 68. Kd6 Kg5 69. Ng2 Kxg6 70. Ke5 Nh5 71. Nf4+ Kg5 72. Nxh5 Kxh5 73. f4 Kg6 74. Ke6 Kg7 75. f5 Kf8 76. Kf6 Kg8 77. Ke7 Kg7 78. f6+ Kg8 79. f7+ Kg7 80. f8Q+ Kg6 81. Qf6+ Kh5 82. Qg7 Kh4 83. Kf6 Kh3 84. Kf5 1-0